000 00536cam a2200193ua 4500
001 6776
005 20260515114113.0
008 140311n ii |||gr||||Z||||||asm
040 _cMAIN
082 _a338.7
245 _aByabasay sangathan aru parichalana
_cBy Anil Kumar sarmah
250 _a2nd ed. /
_bVol II.
260 _aGuwahati:
_bUniversity publication department,
_c1988.
300 _ax,354p.
653 _aProduction
653 _aByabasay sangathan aru parichalana
700 _aSarmah,Anil Kumar,
_eAuthor.
942 _cBK
999 _c5919
_d5919